00952 2200313 4500001002100000005001500021035002000036007000300056008004100059020002200100082001400122084001600136100003500152245008900187300004100276650001800317264004200335336002100377337003000398338002300428040002200451090002200473250003200495850001200527999002200539700002800561700002700589990002200616INLIS00000000087552020221121023607 a0010-1122000476ta220922s2022 yoia g 1 ind d a978-623-6407-16-504223a332.1 a332.1 BAG h0 aBagya Agung PrabowoePengarang1 aHybrid cpntract dalam inovasi produk-produk perbankan syariah /cBagya Agung Prabowo ax, 304 halaman :bilustrasi ;c23 cm 4aBank Syari'ah aSleman :bUII Press Yogyakarta,c2022 2rdacontentateks 2rdamediaatanpa perantara 2rdacarrieravolume aYOPDYOGbinderda aCB-D.11 2022-1761 aCetakan Pertama : Juni 2022 aYOPDYOG aCB-D.11/2022-17610 aSubhan Afifiepengarang0 aPuji Riantoepengarang aCB-D.11/2022-1761